000 00684nam a22002297a 4500
005 20170123162319.0
010 _a385352
020 _c00.00
035 _a385352
037 _bCen Lib/Ret
040 _aDPL
_bUR
082 _a842
_bو ر م
100 _aورما، جسوت سنگھ
_9376
245 _aسنگیت حارثہچندرا /
_cجسوت سنگھ ورما
246 _aSAngeet Harishchandra /
_bby Jasvat Singh Varma
300 _a122p.
_c19cm(Hb)
650 _aاردو ادب
_9116490
650 _aاردو ڈرامہ
_9462
650 _aUrdu literature
_9116491
650 _aUrdu drama
_914322
942 _2ddc
_cUR
_h842
_mو ر م
999 _c106987
_d106987